[Event "Aberdeen op"]
[Site "Aberdeen"]
[Date "2002.??.??"]
[Round "2"]
[White "McKay, Graham"]
[Black "Watson, Philip R"]
[Result "0-1"]
[WhiteElo "1625"]
[BlackElo "2045"]
[PlyCount "106"]
[EventDate "2002.??.??"]
[EventType "swiss"]
[EventRounds "5"]
[EventCountry "SCO"]
[SourceTitle "EXT 2006"]
[Source "ChessBase"]
[SourceDate "2005.11.24"]
[SourceVersion "1"]
[SourceVersionDate "2005.11.24"]
[SourceQuality "1"]

1. d4 d5 2. e3 Nf6 3. Bd3 Bg4 4. Nf3 e6 5. b3 Bd6 6. h3 Bh5 7. Bb2 0-0 8. a3 Nbd7 9. g4 Bg6 10. Ne5 Ne4 11. Nd2 Bxe5 12. dxe5 Ndc5 13. Bd4 Nxd2 14. Qxd2 Ne4 15. Bxe4 Bxe4 16. Rh2 c5 17. Bb2 Bf3 18. Qc3 Qh4 19. Kd2 b6 20. Rg1 Rfd8 21. Rg3 d4 22. Qc4 dxe3+ 23. Kxe3 b5 24. Qxb5 Bd1 25. Qc4 Rd5 26. Qe4 Rad8 27. Bc3 R8d7 28. Rhg2 Qd8 29. f4 Qb6 30. Qc4 Rd4 31. Bxd4 cxd4+ 32. Kd3 Rc7 33. Qa4 g6 34. Rd2 Qc5 35. Qc4 Qa5 36. Qxd4 Qb5+ 37. Ke3 Rxc2 38. Rxc2 Bxc2 39. Qc4 Qb6+ 40. Ke2 Bb1 41. b4 Kg7 42. f5 exf5 43. gxf5 Bxf5 44. a4 Be6 45. Qc3 Qa6+ 46. Ke3 Qxa4 47. Kd4 Qd7+ 48. Ke4 Qd1 49. Re3 Bd5+ 50. Kf4 Qf1+ 51. Kg4 Qg2+ 52. Kh4 Kh6 53. Rg3 g5+ 0-1